| 000 | 00591nam a22001697a 4500 | ||
|---|---|---|---|
| 005 | 20231113101747.0 | ||
| 008 | 231113b |||||||| |||| 00| 0 eng d | ||
| 020 | _a0409056650 | ||
| 041 | _aEnglish | ||
| 082 | _a345.5 STE | ||
| 100 |
_aSteytler, N _lEnglish |
||
| 245 |
_aConstitutional Criminal Procedure : _bA commentary on the Constitution of the Republic of South Africa, 1996 / _cN Steytler |
||
| 260 |
_aDurban : _bButterworth Publishers (Pty) Ltd, _c1998 |
||
| 300 |
_bxxiii, 497 pages ; _c25 cm. |
||
| 650 |
_aLegal practice _bLaw |
||
| 942 |
_cBK _6ALISON_BN_VRIES |
||
| 999 |
_c556 _d556 |
||